Rangers Champions League XIs - Statistics

General Stats
  • This quiz has been taken 316 times
  • The average score is 28 of 73
Answer Stats
Answer % Correct
Ally McCoist
84%
Allan McGregor
81%
Barry Ferguson
79%
Andy Goram
74%
Paul Gascoigne
73%
Stefan Klos
72%
Brian Laudrup
65%
Charlie Miller
65%
Kenny Miller
65%
David Weir
63%
Mark Hateley
63%
Richard Gough
62%
Jorg Albertz
58%
Ronald de Boer
56%
Steven Davis
56%
Lorenzo Amoruso
55%
Michael Mols
54%
Saša Papac
48%
Steven Naismith
48%
Dado Pršo
47%
Rod Wallace
47%
Steven Whittaker
47%
Arthur Numan
46%
Fernando Ricksen
45%
Giovanni van Bronckhorst
45%
Trevor Steven
44%
Alan Hutton
43%
Ian Durrant
43%
David Robertson
42%
Stuart McCall
42%
John Brown
41%
Peter Løvenkrands
41%
Neil McCann
40%
Craig Moore
39%
Gordon Durie
38%
Madjid Bougherra
38%
Sergio Porrini
38%
Carlos Cuéllar
37%
Kevin Thomson
37%
Maurice Edu
37%
Daniel Cousin
36%
Lee McCulloch
34%
Lionel Charbonnier
32%
Ronald Waterreus
32%
Mikel Arteta
31%
Shota Arveladze
31%
Kirk Broadfoot
30%
Claudio Reyna
29%
Brahim Hemdani
27%
Bert Konterman
26%
DaMarcus Beasley
26%
Michael Ball
24%
Pedro Mendes
24%
Allan Johnston
23%
Julien Rodríguez
20%
Alex Cleland
18%
Hamed Namouchi
18%
Henning Berg
18%
Joachim Björklund
18%
Stephen Hughes
18%
Derek McInnes
17%
Gordon Petrić
16%
Olivier Bernard
16%
Peter van Vossen
16%
Aleksei Mikhailichenko
13%
Ian Murray
13%
Paolo Vanoli
13%
Zurab Khizanishvili
13%
Jérôme Rothen
12%
Tugay Kerimoğlu
12%
Dave McPherson
8%
Sotiris Kyrgiakos
8%
Stephen Wright
8%
No matching quizzes found
Score Distribution
Percent of People with Each Score
Percentile by Number Answered
Your Score History
You have not taken this quiz